Velazquez

Podrobná bibliografia
Hlavný autor: Spurný, Jan, 1909-1988 (Autor)
Médium: Kniha
Jazyk:slovenčina
Fyzický popis:133 strán ilustrácie, portréty 24 cm
Vydavateľské údaje: V Bratislave Slovenské vydavateľstvo krásnej literatúry 1956
Vydanie:1. vyd.
Edícia:Knižnica výtvarného umenia
Predmet:

MARC

LEADER 00000cam a2200000 a 4500
001 vtls008463538
003 SK-MaSNL
005 20260302074922.0
008 250312s1956 xo ac grhn 000 0bslo
015 |a SNBA1956/11 
020 |q (viazané) 
035 |a urn:nbn:sk:snk-am3i5ov 
035 |a BD3451E8-F83C-4AF7-9978-CF1FDDC4AA0C 
035 |a urn:nbn:sk:snk-am00dkzn 
040 |a SNK  |b slo  |c SNK  |e AACR2 
041 0 |a slo 
044 |a xo  |c SK 
072 7 |a 75  |x Maliarstvo  |2 konspekt 
072 7 |a 929  |x Biografie  |2 konspekt 
080 |a 75(460)  |2 2011 
080 |a 75.034.7  |2 2011 
080 |a (084.11)  |2 2011 
080 |a 929(092)  |2 2011 
100 1 |a Spurný, Jan,  |d 1909-1988  |4 aut  |9 465452 
245 1 0 |a Velazquez  |c Jan Spurný 
250 |a 1. vyd. 
260 |a V Bratislave  |b Slovenské vydavateľstvo krásnej literatúry  |c 1956 
300 |a 133 strán  |b ilustrácie, portréty  |c 24 cm 
366 |e 4400 kusov 
490 1 |a Knižnica výtvarného umenia  |v zv. 22 
500 |a V tiráži zväzok edície uvedený ako 21. 
500 |a Fotografia na frontispice. Zoznam vyobrazení na strane 133 
504 |a Bibliografia na strane 50 
600 1 7 |a Velázquez, Diego,  |d 1599-1660  |2 SNKMA  |9 185509 
648 7 |a 17. storočie  |2 SNKPH  |9 276982 
650 0 7 |a španielske maliarstvo  |2 SNKPH  |9 3125 
650 0 7 |a barokové maliarstvo  |2 SNKPH  |9 69813 
655 7 |a obrazové publikácie  |2 SNKPH  |9 70343 
655 7 |a biografie  |2 SNKPH  |9 27965 
752 |a Slovensko  |d Bratislava 
830 0 |a Knižnica výtvarného umenia  |9 308948 
852 |a Slovenská národná knižnica 
954 |a odborná, vedecká literatúra cudzojazyčná (svetová)  |2 lita 
954 |a obrazové publikácie zamerané na výtvarné umenie a fotografiu cudzojazyčné (svetové)  |2 lita 
958 |a RK 
958 |a TL 
958 |a NB 
958 |a OND 
958 |a BC 
999 |c 1167073  |d 1169003 
952 |a SNK  |b SNK  |y PREZ  |7 0  |p 17A0797066  |o snkSC 8504  |i snkKSP 3025/56  |0 0  |1 0  |4 0  |d 2012-03-12  |f 1  |l 0  |r 2025-07-09 00:00:00  |w 2026-02-24 
952 |a SNK  |b SNK  |y VYP  |7 0  |p 17A0195378  |o snkSC 8504 D1  |0 0  |1 0  |4 0  |d 1999-06-01  |l 0  |r 2005-01-02 00:00:00  |w 2026-02-24